| 000 | 01003cam a22002054a 4500 | ||
|---|---|---|---|
| 005 | 20250605163934.0 | ||
| 008 | 250528s ||||||||||||||||||||||||d | ||
| 035 | _a14821 | ||
| 020 | _a155815628 | ||
| 040 |
_aGR-AtMCL _bgre _dGR-AtMCL _eAACR2 |
||
| 245 | 1 | _aSocial Psychology | |
| 260 |
_bHarcourt Brace Jovanovich, Publishers, _c1981 |
||
| 300 | _a574 | ||
| 520 | _aThis book reflects current research in traditional areas as well as on topics of compelling interest today. Preface, Theory and Research in Social Psychology, Social Perception, Interpersonal Attraction, Prejudice and Discrimination, Attitude Change, Morality in Thought and Action, Positive Social Action, Aggression, Power and Leadership and Control, Social Influence, Exchange and Strategy, Interaction in Groups, The Physical and Social Environment, Glossary, Reference List, Name and Subject Index. | ||
| 700 | 1 |
_aGergen Kenneth J _9582 |
|
| 700 | 1 |
_aGergen Mary M _9583 |
|
| 942 | _cBK | ||
| 999 |
_c435 _d435 |
||